LEADER 01054nam a2200229 i 4500 001 000000355155 003 CaOOAMICUS 005 20230828145946.0 008 230828s1883 it u000 u ita u 040 $aSeMil$bita 100 1 $aGuanella, Luigi,$c.$0(OLS)http://semarc/name/1341 245 10$aNella scuola :$bnorme per ben dirigere l'insegnamento elementare /$cper il sacerdote Luigi Guanella. 260 $aMilano :$bTipografia Eusebiana,$c1883. 300 $a63 p. ;$c14 cm 490 0 $aIl Cattolico provveduto ;$v1 650 4$aScuola - Insegnamento - Sec. 19. - Italia - Storia.$0(OLS)http://semarc/subject/16012 830 3$aIl Cattolico provveduto ;$v1.$0(OLS)http://semarc/title/445322 850 $aSeMil 852 $aSeMil$W1$xVenegono$y1$m5B IV 3/12$j243247$B246435$CSeMilBibl$Z2$F246435 $8I 996 $6245$aNella scuola :$bnorme per ben dirigere l'insegnamento elementare$9(OLS)http://semarc/title/445321 996 $6260$aMilano :$bTipografia Eusebiana$9(OLS)http://semarc/publisher/31928 LEADER 01313nas a2200217 i 4500 001 000000001821 003 CaOOAMICUS 005 20180830125435.0 008 180830s1922 fr u0 und u 040 $aSeMil$bita 100 1 $aSociété de linguistique de Paris.$0(OLS)http://semarc/name/1640 245 10$aCollection linguistique /$cpubliée par La Société de linguistique de Paris. 260 $aParis :$b[poi]... Klincksieck,$c1922. 260 $aParis :$bLibr. ancienne H. Champion, Éd. E. Champion,$c1922. 300 $av. ;$c25 cm. 774 0 $aMossé, Fernand$tHistoire de la forme périphrastique être + participé présent en germanique.$dParis : Klincksieck, 1938.$w()19842 774 0 $aMeillet, Antoine <1866-1936>$tLinguistique historique et linguistique générale.$dParis : Klincksieck, [1938?]$w()20889 774 0 $aCuendet, Georges$tOrdre des mots dans le texte grec et dans les versions gotique, arménienne et vieux slave des Évangiles.$dParis : Librairie Ancienne Honoré Champion, Éd. Édouard Champion, 1929.$g26.$w()30496 996 $6245$aCollection linguistique$9(OLS)http://semarc/title/2998 996 $6260$aParis :$bLibr. ancienne H. Champion, Éd. E. Champion$9(OLS)http://semarc/publisher/30405 996 $6260$aParis :$b[poi]... Klincksieck$9(OLS)http://semarc/publisher/30406